| 000 | 00825nam a2200265Ia 4500 | ||
|---|---|---|---|
| 005 | 20260121171445.0 | ||
| 008 | 008 260114s9999 xx 000 0 eng d | ||
| 020 | _a9783030323271 | ||
| 037 | _aEBOOK | ||
| 040 | _aCRL | ||
| 040 | _beng | ||
| 040 | _cCRL | ||
| 041 | _2eng | ||
| 041 | _aeng | ||
| 084 | _qCRL | ||
| 100 |
_aPascal Hitzler, Sabrina Kirrane, Olaf Hartig, Victor de Boer, Maria-Esther Vidal, Maria Maleshkova, Stefan Schlobach, Karl Hammar, Nelia Lasierra, Steffen Stadtmüller, Katja Hose, Ruben Verborgh _91076464 |
||
| 245 | 4 | _aThe Semantic Web: ESWC 2019 Satellite Events | |
| 260 | _bSpringer | ||
| 260 | _bSpringer | ||
| 260 | _c2019 | ||
| 856 | _uhttps://link.springer.com/openurl?genre=book&isbn=978-3-030-32327-1 | ||
| 942 | _cEBOOK | ||
| 999 |
_c1642194 _d1642194 |
||